Normal view MARC view
  • Buffa, Elwood S. & Sain, Rakesh K

Entry Personal Name

Number of records used in: 2

001 - CONTROL NUMBER

  • control field: 1908

003 - CONTROL NUMBER IDENTIFIER

  • control field: OSt

005 - DATE AND TIME OF LATEST TRANSACTION

  • control field: 20160614150930.0

008 - FIXED-LENGTH DATA ELEMENTS

  • fixed length control field: 160614|| aca||aabn | a|a d

040 ## - CATALOGING SOURCE

  • Original cataloging agency: OSt
  • Transcribing agency: OSt

100 ## - HEADING--PERSONAL NAME

  • Personal name: Buffa, Elwood S. & Sain, Rakesh K

670 ## - SOURCE DATA FOUND

  • Source citation: Work cat.: (OSt): Buffa, Elwood S. & Sain, Rakesh K, Modern Production Operations Management